| 000 | 00798nam a2200217 a 4500 | ||
|---|---|---|---|
| 005 | 20230527063528.0 | ||
| 008 | 991125s1979 ag 000 0 spa u | ||
| 035 | _aUPN01000041122 | ||
| 049 | _aCG | ||
| 050 | 4 |
_aBF724 _bG4.58 |
|
| 100 | 1 |
_aGesell, Arnold Lucius, _d1880-1961 _928379 |
|
| 245 | 1 | 3 |
_aEl niño de 15 a 16 años / _cArnold Gesell ; comp. Jaime Bernstein ; colab. Frances L. Ilg, Louise Bates Ames ; tr. Eduardo Loedel. |
| 260 |
_aBuenos Aires : _bPaidós, _c1979. |
||
| 300 | _a107 p. | ||
| 440 | 0 |
_aBiblioteca del educador contemporáneo ; _v61 |
|
| 650 | 4 |
_aPsicología del adolescente _91013 |
|
| 700 | 1 |
_aBernstein, Jaime, _ecomp. _937324 |
|
| 700 | 1 |
_aIlg, Frances Lillian, _d1902-1981 _ecolab. _928559 |
|
| 700 | 1 |
_aAmes, Louise Bates, _d1908-1996 _ecomp. _928718 |
|
| 905 | _aLibro | ||
| 999 |
_c41122 _d41122 |
||